000 00696nam a2200181Ia 4500
008 090630s9999 xx 000 0 und d
082 _b24320
100 _aमहाले रमेश.
245 _aकॉम्प्युटरकडून इंटरनेटकडे.
_cमहाले रमेश.
260 _bदिलीपराज- पुणे.
300 _a0
600 _aमहाले रमेश.
630 _aकॉम्प्युटरकडून इंटरनेटकडे.
655 _aइतर.
700 _aमहाले रमेश.
730 _aकॉम्प्युटरकडून इंटरनेटकडे.
942 _cBOOK
999 _c276176
_d276176